| 000 | 01589nam a22002777a 4500 | ||
|---|---|---|---|
| 003 | St Aloysius Coll | ||
| 005 | 20260305181059.0 | ||
| 008 | 260226b |||||||| |||| 00| 0 eng d | ||
| 020 | _a9781292737423 | ||
| 040 | _cAL | ||
| 041 | _aEnglish | ||
| 082 |
_a576 _bTORM |
||
| 100 |
_aGerard J Tortora _9256948 |
||
| 245 |
_aMiicro biology _b: an introduction |
||
| 250 | _a14 | ||
| 260 |
_aLondon _bPearson _c2025 |
||
| 300 |
_a857p. _bPB _c27x21.5cm |
||
| 365 |
_2General _a6278 _b₹6352.00 _c₹ _d₹8143.00 _e22% _f23/02/2026 |
||
| 520 | _aTortora/Case/Bair/Weber/Funke's Microbiology, An Introduction delivers an exceptionally clear presentation of complex topics, a careful balance of concepts and applications, and pedagogically superior art. With a focus on big-picture concepts and themes in microbiology, the text encourages you to visualize and synthesize more difficult topics such as microbial metabolism, immunology and microbial genetics. The trusted clinical focus and student-friendly narrative will help you understand why microbiology is relevant to your future healthcare career. The 14th Edition deepens the clinical focus and integrates SARS-CoV-2 and COVID-19 coverage throughout. Updates include innovative microbiology research, revised immunology chapters, and an extensive diversity, equity and inclusion review. | ||
| 650 |
_2Genetics and Evolution _aMicrobiology _9256949 |
||
| 700 |
_aCase, Christine L _9256950 |
||
| 700 |
_aBair, Warner B III _9256951 |
||
| 700 |
_aWeber, Derek _9256952 |
||
| 700 |
_aFunke, Berdell R _9256953 |
||
| 942 |
_2ddc _cBK |
||
| 999 |
_c240957 _d240957 |
||